000 01255nam0a22003011 4500
001 rc\3140991
005 20120615101300.4
021 _aRU
_b[75-75154]
035 _a(NLR Aleph) 007318472
090 _a5884375
_c5884375
100 _a20120615d1975 |||y0rusy50 ca
101 0 _arus
102 _aRU
105 _ay z |||||
200 1 _aТруд руководителя
_eУчеб. пособие для руководителей подразделений предприятий пром-сти и др. отраслей
_f[Подгот. д-р экон. наук В.А. Ачаркан, канд. экон. наук Р.А. Баткаев, З.С. Богатыренко и др.]
210 _aМосква
_cЭкономика
_d1975
215 _a222 с.
_d22
225 1 _aСистема экономического образования
606 _aРуководитель
_2psbo
606 _aОрганизация управления
_2psbo
702 1 _aБаткаев
_bР. А.
_4570
702 1 _aБогатыренко
_bЗ. С.
_4570
702 1 _aАчаркан
_bВ. А.
_gВиктор Адольфович
_4570
801 0 _aRU
_bNLR
_gpsbo
801 1 _aRU
_bELAR
_2rusmarc
852 _aNLR
_j75-3/6518
942 _cBOOK
980 _aNB